Economic-Financial Aspect of Public Projects

Gespeichert in:
Bibliographische Detailangaben
1. Verfasser: Šabíková, Ingrid
Format: Buchkapitel
Sprache:Englisch
Schlagworte:
Tags: Tag hinzufügen
Keine Tags, Fügen Sie das erste Tag hinzu!

MARC

LEADER 00000naa$a2200000$$$4500
001 0186756
005 20240502083439.6
041 0 |a eng 
044 |a CZ 
245 1 0 |a Economic-Financial Aspect of Public Projects  |c Ingrid Šabíková 
500 |a Abstrakt 
610 2 0 |a manažment finančný 
610 2 0 |a projekty 
610 2 0 |a riadenie projektové 
610 2 0 |a projektovanie finančné 
610 2 0 |a financie verejné 
610 2 0 |a účtovníctvo 
100 1 |a Šabíková, Ingrid